<?xml version="1.0" encoding="UTF-8"?>
<marc:record xmlns:marc="http://www.loc.gov/MARC21/slim">
   <marc:leader>00000nam a2200000 a 4500</marc:leader>
   <marc:datafield ind1="1" ind2=" " tag="100">
      <marc:subfield code="a">Smith, Alex T.</marc:subfield>
      <marc:subfield code="4">aut</marc:subfield>
      <marc:subfield code="e">Verfasser/-in</marc:subfield>
   </marc:datafield>
   <marc:datafield ind1="1" ind2=" " tag="100">
      <marc:subfield code="a">Smith, Alex T.</marc:subfield>
      <marc:subfield code="4">ill</marc:subfield>
      <marc:subfield code="e">Illustrator/-in</marc:subfield>
   </marc:datafield>
   <marc:datafield ind1="1" ind2=" " tag="100">
      <marc:subfield code="a">Flegler, Leena</marc:subfield>
      <marc:subfield code="4">trl</marc:subfield>
      <marc:subfield code="e">Übersetzer/-in</marc:subfield>
   </marc:datafield>
   <marc:datafield ind1=" " ind2=" " tag="653">
      <marc:subfield code="a">Softcover / Kinder- und Jugendbücher/Kinderbücher bis 11 Jahre</marc:subfield>
   </marc:datafield>
   <marc:datafield ind1=" " ind2=" " tag="653">
      <marc:subfield code="a">Abenteuer</marc:subfield>
   </marc:datafield>
   <marc:datafield ind1=" " ind2=" " tag="653">
      <marc:subfield code="a">Abenteuerbuch</marc:subfield>
   </marc:datafield>
   <marc:datafield ind1=" " ind2=" " tag="653">
      <marc:subfield code="a">für Mädchen</marc:subfield>
   </marc:datafield>
   <marc:datafield ind1=" " ind2=" " tag="653">
      <marc:subfield code="a">für Jungen</marc:subfield>
   </marc:datafield>
   <marc:datafield ind1=" " ind2=" " tag="653">
      <marc:subfield code="a">für Jungs</marc:subfield>
   </marc:datafield>
   <marc:datafield ind1=" " ind2=" " tag="653">
      <marc:subfield code="a">Freundschaft</marc:subfield>
   </marc:datafield>
   <marc:datafield ind1=" " ind2=" " tag="653">
      <marc:subfield code="a">Geschenk</marc:subfield>
   </marc:datafield>
   <marc:datafield ind1=" " ind2=" " tag="653">
      <marc:subfield code="a">Weihnachtsgeschenk</marc:subfield>
   </marc:datafield>
   <marc:datafield ind1=" " ind2=" " tag="653">
      <marc:subfield code="a">Kinderbuch</marc:subfield>
   </marc:datafield>
   <marc:datafield ind1=" " ind2=" " tag="653">
      <marc:subfield code="a">Spannung</marc:subfield>
   </marc:datafield>
   <marc:datafield ind1=" " ind2=" " tag="653">
      <marc:subfield code="a">Detektivgeschichte</marc:subfield>
   </marc:datafield>
   <marc:datafield ind1=" " ind2=" " tag="653">
      <marc:subfield code="a">Detektiv</marc:subfield>
   </marc:datafield>
   <marc:datafield ind1=" " ind2=" " tag="653">
      <marc:subfield code="a">Krimi</marc:subfield>
   </marc:datafield>
   <marc:datafield ind1=" " ind2=" " tag="653">
      <marc:subfield code="a">Geburtstag</marc:subfield>
   </marc:datafield>
   <marc:datafield ind1=" " ind2=" " tag="653">
      <marc:subfield code="a">Schildkröte</marc:subfield>
   </marc:datafield>
   <marc:datafield ind1=" " ind2=" " tag="653">
      <marc:subfield code="a">ab 10 Jahren</marc:subfield>
   </marc:datafield>
   <marc:datafield ind1=" " ind2=" " tag="653">
      <marc:subfield code="a">für 10-Jährige</marc:subfield>
   </marc:datafield>
   <marc:datafield ind1=" " ind2=" " tag="653">
      <marc:subfield code="a">Kinderkrimi</marc:subfield>
   </marc:datafield>
   <marc:datafield ind1=" " ind2=" " tag="653">
      <marc:subfield code="a">Jugendkrimi</marc:subfield>
   </marc:datafield>
   <marc:datafield ind1=" " ind2=" " tag="653">
      <marc:subfield code="a">ab 10</marc:subfield>
   </marc:datafield>
   <marc:datafield ind1=" " ind2=" " tag="653">
      <marc:subfield code="a">Kinderbücher bis 11 Jahre</marc:subfield>
   </marc:datafield>
   <marc:datafield ind1="0" ind2="0" tag="245">
      <marc:subfield code="a">Leichen haben nichts zu lachen – Ein Fall für Edna Knorple</marc:subfield>
   </marc:datafield>
   <marc:datafield ind1="0" ind2="0" tag="245">
      <marc:subfield code="c">Alex T. Smith</marc:subfield>
   </marc:datafield>
   <marc:datafield ind1=" " ind2="1" tag="264">
      <marc:subfield code="a">München</marc:subfield>
      <marc:subfield code="b">arsEdition</marc:subfield>
      <marc:subfield code="c">2026</marc:subfield>
   </marc:datafield>
   <marc:datafield ind1=" " ind2=" " tag="250">
      <marc:subfield code="a">1. Auflage</marc:subfield>
   </marc:datafield>
   <marc:datafield ind1="1" ind2=" " tag="520">
      <marc:subfield code="a">Ein Krimi voller Humor und Spannung, der Kinder und Erwachsene gleichermaßen begeistert
Dieses liebevoll gestaltete Buch ist perfekt für Mädchen und Jungen ab 10 Jahren, die spannende Geschichten lieben und gerne miträtseln. 
Unverschämt witzig!
Ein Herrenhaus im Schneesturm, ein toter Großvater und eine Familie voller schräger Vögel: Edna steckt mitten in ihrem allerersten Kriminalfall!
&lt;br&gt;
Wer hat ihren tyrannischen Opa am Vorabend seines 90. Geburtstags ermordet? Niemand kann das Haus verlassen haben, alle aus der Familie sind verdächtig – und jeder hat etwas zu verbergen! 
&lt;br&gt;
Gemeinsam mit Schildkröte Charles Darwin sammelt Edna Hinweise und steckt die Nase in alte Familiengeheimnisse. Wird sie dem Täter auf die Spur kommen, bevor er erneut zuschlägt?
&lt;br&gt;
&lt;br&gt;
Spannend und humorvoll: Ein Krimi voller skurriler Charaktere, überraschender Wendungen und britischem Charme Ideal für Kinder ab 10 Jahren: Die originelle Geschichte begeistert Mädchen und Jungen gleichermaßen Mit liebevollen Illustrationen: Die detailreichen Schwarz-Weiß-Bilder machen das Buch zu einem visuellen Vergnügen Perfekt für gemütliche Lesestunden: Kurze Kapitel und ein hochwertiges Lesebändchen sorgen für entspanntes Schmökern Ein außergewöhnliches Geschenk: Mit seiner hochwertigen Ausstattung und der originellen Handlung ist dieses Buch ideal für Geburtstage, Weihnachten oder einfach so
&lt;br&gt;
&lt;br&gt;
Spannend und urkomisch – ein Krimi voller schräger Figuren, überraschender Wendungen und jeder Menge Spaß
Mit seinen kurzen Kapiteln, den wunderschönen Schwarz-Weiß-Illustrationen und einer Geschichte voller überraschender Wendungen ist dieses Buch ein echtes Highlight für Leserinnen und Leser ab 10 Jahren. Die exzentrischen Figuren und die cleveren Rätsel laden zum Mitknobeln ein und sorgen für jede Menge Lesespaß. Ob als Geschenk oder für gemütliche Nachmittage – Ednas Abenteuer ist alles, nur nicht gewöhnlich.
</marc:subfield>
   </marc:datafield>
   <marc:datafield ind1=" " ind2=" " tag="020">
      <marc:subfield code="a">9783845867915</marc:subfield>
      <marc:subfield code="9">9783845867915</marc:subfield>
   </marc:datafield>
   <marc:datafield ind1=" " ind2=" " tag="020">
      <marc:subfield code="a">3845867914</marc:subfield>
      <marc:subfield code="9">3845867914</marc:subfield>
   </marc:datafield>
   <marc:datafield ind1=" " ind2=" " tag="041">
      <marc:subfield code="a">ger</marc:subfield>
   </marc:datafield>
   <marc:datafield ind1=" " ind2=" " tag="300">
      <marc:subfield code="a">432 Seiten</marc:subfield>
   </marc:datafield>
</marc:record>
